Statistics for Counties of Estonia

Click here to take the quiz!

General Stats

  • This quiz has been taken 256 times
  • The average score is 10 of 15

Answer Stats

Population County % Correct
34,041Saare
81%
602,409Harju
78%
150,167Tartu
78%
86,163Pärnu
76%
9,550Hiiu
75%
24,948Lääne
75%
48,101Viljandi
64%
140,388Ida-Viru
63%
37,295Võru
63%
60,411Lääne-Viru
61%
34,613Rapla
59%
30,931Valga
59%
31,368Jõgeva
58%
28,507Põlva
58%
30,841Järva
49%

Score Distribution

Percentile by Number Answered

Percent of People with Each Score

Your Score History

You have not taken this quiz